Выписка из протокола Заседания Президиума ЦИКС о переименовании островов Самуила в острова "Комсомольской Правды"

RUSMARC
00005116nac2a22003493x 450
001bdc670e4-d286-4bf3-80bc-b91985e04325
00520250804230702.0
100##$a20250619l19351935k y0rusy50 ca
1010#$arus
$amul
102##$aRU
105##$ay z |||||
1222#$ad19350621
$ad19350723
2001#$aВыписка из протокола Заседания Президиума ЦИКС о переименовании островов Самуила в острова "Комсомольской Правды"
$j21.06.1935 - 23.07.1935
215##$a5 листов
$d34,8 х 22,7
251##$cДело
300##$aЗаголовок дела на папке: Выписка из протокола заседания Президиума ЦИКС О переименовании островов Самуила в острова "Комсомольской Правды"
300##$aЧасть текста на языках народов СССР
300##$aЧасть текста машинописная с рукописными пометками, часть - напечатана типографским способом
330##$aВходит в раздел описи: Оргкомиссия
461#0$1001RuPRLIB520124725
$12001
$aЦЕНТРАЛЬНЫЙ ИСПОЛНИТЕЛЬНЫЙ КОМИТЕТ СССР (ЦИК СССР).
$1251
$cФонд
$1852
$gР
$j3316
462#0$1001RuPRLIB520125317
$12001
$aДела Секретариата Президиума ЦИК Союза ССР за 1935 год
$vД. 45
$1251
$cОпись
$1852
$j28
5171#$aВыписка из протокола заседания Президиума ЦИКС О переименовании островов Самуила в острова "Комсомольской Правды"
60101$3RU\NLR\AUTH\880398220
$aСССР
$bЦентральный исполнительный комитет
$bПрезидиум
605##$3DITM\AF\0000002775
$aВласть
$lколлекция
$2acquisition_prlib
607##$aСамуила, острова
607##$aКомсомольской Правды, острова
6101#$aВыписка из протокола
$aПереименование
$aОстрова
686##$a67.401.011.12ю1
$cПраво
$2rubbk
686##$a63.3(2)614-332ю1
$cИстория
$2rubbk
801#0$aRU
$bGA_RF
801#1$aRU
$bГлавНИВЦ
$c20250619
$2rusmarc
801#2$aRU
$bПБ им. Б.Н. Ельцина
$c20250804
$gRCR
$2rusmarc
852##$aГА РФ
$j45
937##$d197752814
$hГАРФ
035##$aRuPRLIB51080163
856##$uhttp://readingroom.main.prlib.ru/item.aspx?id_node=n197752814&mode=full
Формат отображения